| 000 | 00719cam a22002295a 4500 | ||
|---|---|---|---|
| 001 | L152018 | ||
| 008 | 110124s2011 xxk f 000 0 eng d | ||
| 020 | _a9780727741103 | ||
| 035 | _a(Sirsi) u152018 | ||
| 041 | 0 | _aeng | |
| 050 | 0 | 4 | _a658.404 $2 18 |
| 100 | 1 | _aAllport, Roger J. | |
| 245 | 0 | 0 | _aPlanning major projects |
| 260 |
_aLondon _bThomas Telford _c2011 |
||
| 300 |
_axvi, 251p. _c24cm. |
||
| 520 | _aA practical guide to delivering major infrastructure projects which covers the role of the planner and looks at key activities such as risk management and project appraisals. | ||
| 521 | _aAdvanced | ||
| 590 | _aKA | ||
| 651 | 4 | _aInternational | |
| 690 |
_aProject management _96261 |
||
| 942 | _n0 | ||
| 999 |
_c111801 _d111801 |
||